Direito sanitário em perspectiva / (Record no. 1028)

MARC details
000 -LÍDER
Campo Fixo de Controle 00924nam a2200289 a 4500
001 - NÚMERO DE CONTROLE
Campo de Controle 1028
003 - IDENTIFICAÇÃO DO NÚMERO DE CONTROLE
Campo de Controle BR-CuiBMT
005 - DATA E HORA DA ÚLTIMA ATUALIZAÇÃO
Campo de Controle 20231126183048.0
008 - DADOS FIXOS
Dados Fixos 231126s2013 dtba 000 0 por d
020 ## - INTERNATIONAL STANDARD BOOK NUMBER
Nº do ISBN 9788588652620
040 ## - AGÊNCIA CATALOGADORA
Código da Agência Catalogadora BR-CuiBMT
Agência que transcreveu o registro BR-CuiBMT
080 ## - Nº DA CLASSIFICAÇÃO DECIMAL UNIVERSAL
Nº edição CDU 2007
Nº Class. CDU 34:351.77
090 ## - NÚMERO DE CHAMADA
Nº classificação 34:351.77
Cutter D598
245 00 - TÍTULO PRINCIPAL
Título principal Direito sanitário em perspectiva /
Indicação de responsabilidade Organizadores, Sandra Mara Campos Alves ; Maria Célia Delduque ; Nicolao Dino Neto.
260 ## - PUBLICAÇÃO, DISTRIBUIÇÃO, ETC.
Local de publicação Brasília :
Editora ESMPU,
-- FIOCRUZ,
Data 2013,
300 ## - DESCRIÇÃO FÍSICA
N. páginas ou volumes 616 p. :
Ilustrações il. color. ;
Dimensões 23 cm
490 1# - INDICAÇÃO DE SÉRIE
Título da série Pós Graduação
Volume/designação sequencial da série v. 2
504 ## - NOTA DE BIBLIOGRAFIA, ETC.
Nota de bibliografia Inclui bibliografia.
650 ## - ASSUNTO TÓPICO
Cabeçalho tópico ou nome geográfico Direito sanitário
650 ## - ASSUNTO TÓPICO
Cabeçalho tópico ou nome geográfico Política de saúde
650 ## - ASSUNTO TÓPICO
Cabeçalho tópico ou nome geográfico Sistema Único de Saúde
650 ## - ASSUNTO TÓPICO
Cabeçalho tópico ou nome geográfico Vigilância sanitária
700 1# - ENTRADA SECUNDÁRIA -- NOME PESSOAL
Nome pessoal Delduque, Maria Célia
Cód. do termo explicativo org.
700 1# - ENTRADA SECUNDÁRIA -- NOME PESSOAL
Nome pessoal Dino Neto, Nicolao
Cód. do termo explicativo org.
830 #0 - ENTRADA SECUNDÁRIA DE SÉRIE -- TÍTULO UNIFORME
Título uniforme Série Pós Graduação
Nº do volume/designação sequencial da série 2
942 ## - ELEMENTOS DE ENTRADA ADICIONAIS (KOHA)
Fonte de classificação ou esquema de arquivamento Classificação Decimal Universal
Tipo de item do Koha Livros
Holdings
Estado: removido Estado: perdido Fonte de classificação ou esquema de arquivamento Estado: danificado Indisponível para empréstimo Localização permanente Localização atual Data de aquisição Total Checkouts Número de Chamada completo Código de barras Date last seen Número do exemplar Preço efetivo a partir de Tipo de item (Koha)
    Classificação Decimal Universal     Biblioteca da Escola Superior de Contas do TCE/MT Biblioteca da Escola Superior de Contas do TCE/MT 26/11/2023   34:351.77 D598 BIBTCEMT23111117 26/11/2023 Ex. 1 26/11/2023 Livros

Powered by Koha